00865nam a22002657a 45000010005000000030006000050050017000110080041000280200018000690400029000870500015001160820008001311000017001392450060001562500026002162600037002423000045002795050007003245200126003315210019004575210020004766500047004966500024005437000032005675201FISKH20241119083812.0241119b cb ||||| |||| 00| 0 eng d a9780375810879 aFISKHbengcFISKHdFISKH aPZ7.H34225 a516 aHead, Judith aMud soup /cby Judith Head illustrated by Susan Guevara aFirst edition in 2003 aNew York :bRandom House,c2003. a48 pages :bColor illustrations ;c23 cm aE  aJosh tries to avoid eating the "mud soup" prepared by Rosa's abuela (grandmother). Includes a recipe for black bean soup.8 a270L bLexile 8 aE bRaz-Plus  2Children's fiction aCommunity/friendship 2Cooking aDelicious aGuevara, SusandIllustrator